000 01370aab a2200241 i 4500
001 768714001
003 CO-MdFUSB
005 20240802113827.0
008 240802t1994 -us||||| |||| 00| 0 eng d
040 _bspa
_cCO-MdFUSB
041 _aeng
100 1 _aAskew, Thomas A.
_eautor
245 1 4 _aThe 1888 London centenary missions conference :
_becumenical disappointment or American mission coming of age?
_c/ Thomas A. Askew
520 _aLa historia no ha sido benévola con la Conferencia del Centenario sobre las Misiones Protestantes del Mundo, celebrada en Londres del 9 al 19 de junio de 1888. Sin embargo, según todos los estándares, esta reunión en Exeter Hall fue la asamblea interdenominacional e internacional más grande y más representativa hasta esa fecha. Las estadísticas son impresionantes: 1.579 delegados de 139 denominaciones y sociedades diferentes que representaban a diez países. A los totales de asistencia se sumaron las reuniones para el público en general
546 _aTexto en inglés.
650 0 _aMisiones
_9154
650 0 _aEvangelización
_9362
650 7 _aTeología pastoral
_9227
650 0 _a Ecumenismo
_xHistoria
_91146
773 0 _tInternational Bulletin
_049483
_960991
_gVolumen 18, (número 3, 1999), páginas: 113 - 118
_qpágina: 113
942 _cANA
945 _aCatherine Arias Álvarez - Practicante SENA
999 _c57467
_d57467